Animaux de A à Z - Statistiques

Statistiques générales
  • Ce quiz a été pris 1 585 fois
    1 582 depuis la dernière actualisation
  • Le résultat moyen est 17 sur 25
Statistiques - réponses
Lettre Indice Réponse % Correct
B La femelle du cerf Biche
94%
S Quand le chat n'est pas là, elles dansent Souris
91%
F Bambi en est un Faon
91%
J C'est aussi une marque automobile Jaguar
91%
T Plus gros félin sauvage Tigre
88%
E Il trompe Eléphant
87%
I Reptile d'Amérique centrale Iguane
86%
P Frit, basquaise ou au curry Poulet
86%
V On rumine... Vache
82%
Z Marty dans "Madagascar" Zèbre
80%
D Flipper, par exemple Dauphin
79%
L Gastéropode sans coquille externe Limace
78%
N Imaginez une licorne qui nage Narval
74%
R C'était un goupil Renard
74%
Y On rumine encore, mais autour de l'Himalaya Yack
73%
K "Roux", "géant", "gris" ou "antilope" Kangourou
56%
O C'est un mammifère, mais il pond des oeuf Ornithorynque
52%
W Gros cervidé dont le nom signifie littéralement "croupion blanc" Wapiti
52%
H Une meute de loups, un essaim d'abeilles et un parlement de ... Hibou
51%
C Tibert dans "Le Roman de Renart" Chat
50%
G Koko ou Harambe Gorille
46%
Q Les armoiries du Guatemala l'arborent Quetzal
36%
A Serpent très venimeux Aspic
25%
M Animal septentrional et alphabet de Samuel Morse
24%
U Vautour à tête rouge Urubu
22%
Aucun quiz correspondant
Distribution des résultats
% des personnes avec chaque résultat
Percentile par nombre de réponses
Votre historique - résultats
Vous n’avez pas pris ce quiz depuis la dernière actualisation